Indovina la nazione dal giocatore - Napoli - Statistics

Statistiche generali
  • Questo quiz è stato fatto 195 volte
  • Il punteggio medio è 12 su 14
Statistiche sulle risposte
con Immagini Risposta % Corretto
Italia
99%
Nigeria
94%
Georgia
93%
Polonia
93%
Messico
92%
Brasile
91%
Corea del Sud
91%
Portogallo
91%
Francia
83%
Macedonia del nord
81%
Slovacchia
80%
Kosovo
75%
Uruguay
69%
Norvegia
68%
Nessun quiz corrispondente trovato
Distribuzione punteggi
Percentuale di utenti per punteggio
Percentile per numero di risposta
I tuoi punteggi nel tempo
Non hai fatto questo quiz